Ne-verejné daňové tajomstvo
Problémy nesplnených príjmov rozpočtu. Daňový systém SR. Systémové chyby daňovej správy. Spory v rutinnom daňovom styku. Za a proti daňovému poradcovi. Riešenie zdanlivo patovej situácie. Zodpovednosť a ústretovosť. Spory pri daňovej kontrole medzi daňovým subjektom a správcom dane. Absencia konkrét...
Gespeichert in:
| 1. Verfasser: | |
|---|---|
| Format: | Buchkapitel |
| Sprache: | Slowakisch |
| Schlagworte: | |
| Tags: |
Keine Tags, Fügen Sie das erste Tag hinzu!
|
MARC
| LEADER | 00000naa a2200000 4500 | ||
|---|---|---|---|
| 001 | r027423 | ||
| 005 | 20230824091257.1 | ||
| 041 | 0 | |a slo | |
| 044 | |a SK | ||
| 245 | 1 | 0 | |a Ne-verejné daňové tajomstvo |c Emil Burák |
| 520 | |a Problémy nesplnených príjmov rozpočtu. Daňový systém SR. Systémové chyby daňovej správy. Spory v rutinnom daňovom styku. Za a proti daňovému poradcovi. Riešenie zdanlivo patovej situácie. Zodpovednosť a ústretovosť. Spory pri daňovej kontrole medzi daňovým subjektom a správcom dane. Absencia konkrétneho predpisu. Negatívne tendencie. | ||
| 610 | 2 | 0 | |a Slovensko |
| 610 | 2 | 0 | |a 1997 |
| 610 | 2 | 0 | |a dane |
| 610 | 2 | 0 | |a príjmy rozpočtu štátneho |
| 610 | 2 | 0 | |a systémy daňové |
| 610 | 2 | 0 | |a poradcovia daňoví |
| 610 | 2 | 0 | |a tajomstvo daňové |
| 100 | 1 | |a Burák, Emil | |